International finance: (Record no. 24801)

MARC details
000 -LEADER
fixed length control field 00784nam a22002057a 4500
008 - FIXED-LENGTH DATA ELEMENTS--GENERAL INFORMATION
fixed length control field 090220t xxu||||| |||| 00| 0 eng d
010 ## - LCCN (DPL NO)
LC control number ENG-93044
020 ## - INTERNATIONAL STANDARD BOOK NUMBER
Terms of availability 120.00
035 ## - SYSTEM CONTROL NUMBER
System control number EN-76577
037 ## - SOURCE OF ACQUISITION
Source of stock number/acquisition DBAD / PUB
040 ## - CATALOGING SOURCE
Original cataloging agency dpl
Language of cataloging English
082 ## - DEWEY DECIMAL CLASSIFICATION NUMBER
Classification number 332.042
100 ## - MAIN ENTRY--PERSONAL NAME
Personal name Vijaya Banu, P.
245 ## - TITLE STATEMENT
Title International finance:
Remainder of title (for B.Com., B.B.A, M.Com., M.B.A. M. Phil., and other courses) /
Statement of responsibility, etc by P. Vijaya Banu
260 ## - PUBLICATION, DISTRIBUTION, ETC. (IMPRINT)
Place of publication, distribution, etc Kumbakonam
Name of publisher, distributor, etc Gayathri Printers
Date of publication, distribution, etc 2005
300 ## - PHYSICAL DESCRIPTION
Extent 227p.
Dimensions 21cm (pbk)
500 ## - GENERAL NOTE
General note Includes references
942 ## - ADDED ENTRY ELEMENTS (KOHA)
Source of classification or shelving scheme Dewey Decimal Classification
Item type English Books
Call number suffix VIJ
Classification part 332.042
Holdings
Withdrawn status Lost status Source of classification or shelving scheme Damaged status Not for loan Collection code Home library Current library Date acquired Source of acquisition Cost, normal purchase price Total Checkouts Full call number Barcode Date last seen Copy number Cost, replacement price Koha item type
    Dewey Decimal Classification   Not For Loan Non-fiction D.B.Act.Division D.B.Act.Division 04/03/2009 DBAD / PUB 120.00   332.042 VIJ EN-76577 04/03/2009 1 120.00 English Books

© Delhi Public Library
Hit Counter
free hit counter